000 00270nam a2200133Ia 4500
100 _aInstuction manual
942 _cBK
654 _aModel-86-88/ V 86
245 _aAnshuman - model -86-88/v 86
260 _bnone
300 _a60
546 _aENGLISH
999 _c35358
_d35358